000 00332nam a22001337a 4500
020 _a978-81-7223-544-4
082 _a150
_bLAM/D
100 _aHIS HOLINESS THE DALAI LAMA
245 _aTHE DALAI LAMA'S LITTLE BOOK OF WISDOM
260 _aLONDON
_bELEMENT
_c2002
300 _a400
650 _aSPIRITUAL
_zUNITED KINGDOM
942 _cBK
999 _c4794
_d4794